Most common mistakes in english usage (Record no. 3978)

MARC details
000 -LEADER
fixed length control field 00519nam a2200253Ia 4500
001 - CONTROL NUMBER
control field 066350
003 - CONTROL NUMBER IDENTIFIER
control field YMCAF
005 - DATE AND TIME OF LATEST TRANSACTION
control field 20230512160353.0
008 - FIXED-LENGTH DATA ELEMENTS--GENERAL INFORMATION
fixed length control field 100717s1976 ||||||||||||||||| ||und|d
020 ## - INTERNATIONAL STANDARD BOOK NUMBER
International Standard Book Number -
024 ## - OTHER STANDARD IDENTIFIER
Standard number or code 66350
035 ## - SYSTEM CONTROL NUMBER
System control number 5813
040 ## - CATALOGING SOURCE
Original cataloging agency YMCAF
Language of cataloging eng
Transcribing agency IN-KoLT
041 ## - LANGUAGE CODE
Language code of text/sound track or separate title eng
082 ## - DEWEY DECIMAL CLASSIFICATION NUMBER
Classification number 420
Item number BER
100 ## - MAIN ENTRY--PERSONAL NAME
Personal name Berry, T E
245 #0 - TITLE STATEMENT
Title Most common mistakes in english usage
250 ## - EDITION STATEMENT
Edition statement -
260 ## - PUBLICATION, DISTRIBUTION, ETC.
Name of publisher, distributor, etc. TMH
Date of publication, distribution, etc. 1976
300 ## - PHYSICAL DESCRIPTION
Extent 146
653 ## - INDEX TERM--UNCONTROLLED
Uncontrolled term -
653 ## - INDEX TERM--UNCONTROLLED
Uncontrolled term -
942 ## - ADDED ENTRY ELEMENTS (KOHA)
Source of classification or shelving scheme Dewey Decimal Classification
Koha item type Books
Holdings
Withdrawn status Lost status Damaged status Not for loan Home library Current library Date acquired Cost, normal purchase price Total Checkouts Barcode Date last seen Cost, replacement price Price effective from Koha item type Public note G
  Lost     JC Bose University of Science & Technology JC Bose University of Science & Technology 17/07/2010 9.00   5826 12/05/2023 9.00 12/05/2023 Books C 2127
  Lost     JC Bose University of Science & Technology JC Bose University of Science & Technology 17/07/2010 9.00   5813 12/05/2023 9.00 12/05/2023 Books C 2127
  Lost     JC Bose University of Science & Technology JC Bose University of Science & Technology 17/07/2010 9.00   5814 12/05/2023 9.00 12/05/2023 Books C 2127
  Lost     JC Bose University of Science & Technology JC Bose University of Science & Technology 17/07/2010 9.00   5815 12/05/2023 9.00 12/05/2023 Books C 2127
Withdrawn       JC Bose University of Science & Technology JC Bose University of Science & Technology 17/07/2010 9.00   5816 12/05/2023 9.00 12/05/2023 Books C 2127
  Lost     JC Bose University of Science & Technology JC Bose University of Science & Technology 17/07/2010 9.00   5817 12/05/2023 9.00 12/05/2023 Books C 2127
  Lost     JC Bose University of Science & Technology JC Bose University of Science & Technology 17/07/2010 9.00   5818 12/05/2023 9.00 12/05/2023 Books C 2127
  Lost     JC Bose University of Science & Technology JC Bose University of Science & Technology 17/07/2010 9.00   5819 12/05/2023 9.00 12/05/2023 Books C 2127
  Lost     JC Bose University of Science & Technology JC Bose University of Science & Technology 17/07/2010 9.00   5820 12/05/2023 9.00 12/05/2023 Books C 2127
  Lost     JC Bose University of Science & Technology JC Bose University of Science & Technology 17/07/2010 9.00   5821 12/05/2023 9.00 12/05/2023 Books C 2127
  Lost     JC Bose University of Science & Technology JC Bose University of Science & Technology 17/07/2010 9.00   5822 12/05/2023 9.00 12/05/2023 Books C 2127
  Lost     JC Bose University of Science & Technology JC Bose University of Science & Technology 17/07/2010 9.00   5823 12/05/2023 9.00 12/05/2023 Books C 2127
        JC Bose University of Science & Technology JC Bose University of Science & Technology 17/07/2010 9.00   5824 12/05/2023 9.00 12/05/2023 Books C 2127
  Lost     JC Bose University of Science & Technology JC Bose University of Science & Technology 17/07/2010 9.00   5825 12/05/2023 9.00 12/05/2023 Books C 2127